ნორმალური ფორმატი
MARC ფორმატი
ჩანაწერი Personal Name
ჩანაწერთა რაოდენობა, რომელიც გამოყენებულია: 1
001 - CONTROL NUMBER
- control field: 27255
003 - CONTROL NUMBER IDENTIFIER
- control field: GE_BSU
005 - DATE AND TIME OF LATEST TRANSACTION
- control field: 20260406154802.0
008 - FIXED-LENGTH DATA ELEMENTS
- fixed length control field: 260406|| aca||aabn | a|a d
040 ## - CATALOGING SOURCE
- Original cataloging agency: GE_BSU
- Transcribing agency: GE_BSU
100 ## - HEADING--PERSONAL NAME
- Personal name: ბუაძე, ა.
- Relator term: მხატვარი
670 ## - SOURCE DATA FOUND
- Source citation: Work cat.: (GE_BSU)56590: ჯავახიშვილი, ი. (ივანე, 1876-1940) 11800, თხზულებანი : 12 ტომად. ტ. 8, ისტორიის მიზანი, წყაროები და მეთოდები წინათ და ახლა. წ. 1, ძველი ქართული საისტორიო მწერლობა /
